Biochemical engineering

Guardat en:
Dades bibliogràfiques
Autors principals: Blanch, Harvey W (Autor), Clark, Douglas S (Autor)
Format: Llibre
Idioma:anglès
Publicat: Nueva York Marcel Dekker 1997
Matèries:
Etiquetes: Afegir etiqueta
Sense etiquetes, Sigues el primer a etiquetar aquest registre!

MARC

LEADER 00000nam a2200000 a 4500
001 UCP4841
003 CL-VaPUC
008 990821e19970000US |||||||||||||||||eng|d
082 0 4 |a 660.63  |b BLA  |2 21 
100 0 |a Blanch, Harvey W  |e author  |9 432753 
700 0 |a Clark, Douglas S  |e author  |9 432754 
245 1 0 |a Biochemical engineering 
300 |a 702 p 
942 |c BK 
945 |d 19990821 00:00:00  |a rbrito 
260 |a Nueva York  |b Marcel Dekker  |c 1997 
650 0 |a Bioquímica   |9 259492 
650 7 |a ENZIMAS CATALITICAS  |2 CL-VaPUC  |9 432755 
650 7 |a BIORREACTOR  |2 CL-VaPUC  |9 432756 
650 0 |a Microbiología   |9 259706 
650 0 |a Biotecnología   |9 259561 
650 0 |a Microorganismos  |9 264259 
583 |a last modification  |c 19990821 00:00:00  |k Rodrigo Vera 
999 |c 282737  |d 282735 
952 |0 0  |1 0  |4 0  |6 660_630000000000000_BLA_1997  |7 0  |8 A  |9 325069  |a BIBING  |b BIBING  |d 2019-11-20  |i 3551504  |o 660.63 BLA 1997  |p 3551504  |r 2025-01-20  |w 2019-11-20  |y BK  |k ING 
952 |0 0  |1 0  |4 0  |6 660_630000000000000_BLA_1997  |7 0  |8 A  |9 325070  |a BIBING  |b BIBING  |d 2019-11-20  |i 3787559  |o 660.63 BLA 1997  |p 3787559  |r 2025-01-20  |w 2019-11-20  |y BK  |k EIB 
952 |0 0  |1 0  |4 0  |6 660_630000000000000_BLA_1997  |7 0  |8 A  |9 325071  |a BIBING  |b BIBING  |d 2019-11-20  |i 3794512  |o 660.63 BLA 1997  |p 3794512  |r 2025-01-20  |w 2019-11-20  |y BK  |k EIB 
952 |0 0  |1 0  |4 0  |6 660_630000000000000_BLA_1997  |7 0  |8 A  |9 325072  |a BIBING  |b BIBING  |d 2019-11-20  |i 3794520  |l 5  |o 660.63 BLA 1997  |p 3794520  |q 2024-07-12  |r 2024-01-18  |s 2024-01-18  |w 2019-11-20  |y BK  |k EIB 
952 |0 0  |1 0  |4 0  |6 660_630000000000000_BLA_1997  |7 0  |8 A  |9 325073  |a BIBING  |b BIBING  |d 2019-11-20  |i 3794539  |o 660.63 BLA 1997  |p 3794539  |r 2025-01-20  |w 2019-11-20  |y BK  |k EIB